000 00441nam a2200157 i 4500
001 50372
003 ES-MaACL
005 20230906162152.0
007 t|
008 030804s1931 ec ||||1| spa d
100 1 _aCuadra, José de la.
_941875
245 1 0 _aRepisas
_b: (narraciones breves) /
_cJosé de la Cuadra.
260 _aGuayaquil :
_b[s.n.,
_c1931] (
_fArtes Gráficas)
300 _a134 p. ;
_c19 cm.
852 _aES-MaACL
_jF-13855
999 _c50372
_d50372